| 000 | 00454nam a22001817a 4500 | ||
|---|---|---|---|
| 003 | MPLRDC | ||
| 005 | 20220104124804.0 | ||
| 008 | 210129b ||||| |||| 00| 0 eng d | ||
| 020 | _a7-5366-0114-X | ||
| 082 | _a684.2 WDR c.2 | ||
| 100 | _a王达人、王殿英著 | ||
| 245 |
_a故宫大观 _c |
||
| 250 | _a一版一刷 | ||
| 260 |
_a _b重庆出版社 _c1987 |
||
| 300 | _b平 | ||
| 650 | _a中国名胜古迹--宫殿 | ||
| 942 |
_cBK _o684.2 WDR c.2 |
||
| 999 |
_c22165 _d22155 |
||